[Event "18th Prague Open-A 2019"]
[Site "Prague"]
[Date "2019.01.16"]
[Round "7"]
[White "Hrdina, Robin"]
[Black "Pechac, Jergus"]
[Result "0-1"]
[WhiteElo "2268"]
[BlackElo "2472"]
[Annotator "TA"]
[PlyCount "39"]
[EventDate "2019.01.11"]
[EventType "swiss"]
[EventCountry "CZE"]
[SourceTitle "playchess.com"]
[Source "ChessBase"]
[SourceQuality "1"]

{[%evp 16,39,0,0,0,-4,0,-37,-20,-24,-17,-18,-25,-12,-6,-53,-31,-65,-69,-179,-179,-179,-177,-496,-472,-566]} 1. e4 e6 2. d4 d5 3. exd5 exd5 4. Bd3 c5 5. c3 Nc6 6. Ne2 Nf6 7. O-O {C01: French: Exchange Variation} Be7 8. dxc5 Bxc5 9. Bg5 {LiveBook: 4 Games. The position is equal.} O-O 10. Bc2 $146 ({Predecessor:} 10. Nf4 Be6 11. b4 Bd6 12. Re1 h6 13. Nxe6 fxe6 14. Bh4 Ne5 {0-1 (56) Maltsevskaya,A (2251)-Demidov,M (2536) Khanty-Mansiysk 2016}) 10... Re8 {[#] aiming for ...Bg4.} 11. Nd4 h6 12. Bh4 $1 Bg4 13. f3 $1 {[%cal Rf3g4]} Bd7 {Strongly threatening ...Qb6.} 14. Kh1 Rc8 {[%cal Ba8c8,Bc8c3,Bc3d3][%mdl 32]} 15. Na3 Ne5 (15... Nxd4 {looks sharper.} 16. cxd4 Bb4 17. Bd3 Qb6 18. Qb3 Bxa3 19. Qxa3 Nh5) 16. Bb3 Bxa3 17. Bxf6 (17. bxa3 $15 Rxc3 18. Qb1) 17... Qxf6 $19 18. bxa3 Rxc3 19. Bxd5 $2 {[#]} (19. Qd2 {is a better chance.} Rd3 20. Qf2) 19... Rd3 20. Qc1 0-1

[Event "18th Prague Open-A 2019"]
[Site "Prague"]
[Date "2019.01.16"]
[Round "7"]
[White "Chudinovskikh, Alexander M"]
[Black "Spiess, Gunter"]
[Result "1/2-1/2"]
[WhiteElo "2184"]
[BlackElo "2414"]
[Annotator "TA"]
[PlyCount "169"]
[EventDate "2019.01.11"]
[EventType "swiss"]
[EventCountry "CZE"]
[SourceTitle "playchess.com"]
[Source "ChessBase"]
[SourceQuality "1"]

{[%evp 14,169,8,-24,-24,-24,-22,-25,-12,-19,-24,-22,-16,-20,-20,-20,-17,-21,0,0,0,-67,-54,-55,0,0,-13,-11,0,0,0,0,0,0,0,0,0,0,0,0,0,0,0,-103,-86,-87,-106,-26,-95,-89,-100,-138,-132,-164,-156,-216,-216,-216,-219,-222,0,0,0,-204,-210,-225,-208,-212,-215,-213,-208,-227,-145,-145,-142,-248,-228,-250,-226,-242,-241,-284,-275,-284,-284,-284,-284,-284,-276,-282,-253,-322,-243,-308,-237,-314,-312,-335,-333,-333,-329,-320,-328,-321,-314,-294,-25,-25,-25,-25,-25,-33,0,0,0,0,0,0,0,0,0,0,0,0,0,0,0,-40,-47,-170,-177,-166,-130,-193,0,0,0,0,0,0,0,0,0,0,0,0,0,0,0,0,0,0,0,0,0,0,0,0]} 1. e4 e6 2. d4 d5 3. exd5 exd5 4. Nf3 Bd6 5. c4 Nf6 {[%cal Bg8f6,Bf6g4,Bg4e3][%mdl 32]} 6. Nc3 O-O 7. cxd5 Nbd7 8. Bc4 {LiveBook: 6 Games. C01: French: Exchange Variation} (8. Bg5 h6 9. Bh4 Nb6 10. Ne5 Be7 11. Bd3 Nfxd5 12. Bxe7 Nxe7 13. O-O Bf5 14. Bxf5 Nxf5 15. Qf3 Nd6 {½-½ (43) Nisipeanu,L (2682)-Ragger,M (2666) Graz 2018}) 8... Re8+ 9. Be3 Ng4 10. O-O Nxe3 11. fxe3 Rxe3 12. Qd2 Re8 13. Rae1 $146 Rxe1 14. Qxe1 Nf6 15. Ne5 a6 16. Qh4 Qe7 17. Kh1 (17. Bd3 $11) 17... Bxe5 $15 18. Re1 {[%mdl 64] Pin} Nxd5 (18... h6 {looks sharper.} 19. Rxe5 Qb4 20. Bb3 Bd7 21. h3 Kf8) 19. Rxe5 Be6 20. Qe1 Nxc3 21. bxc3 Qa3 22. Bxe6 fxe6 23. Rxe6 $11 {[%mdl 4096] Endgame KQR-KQR} Rf8 $36 {[%mdl 2048] Black has good play.} 24. h3 Qxa2 25. Re7 Qc4 {Strongly threatening ...Rf1+.} 26. Qe5 {[%csl Ge7][%cal Re5g7]} Rf7 27. Re8+ Rf8 28. d5 (28. Kh2 $11) 28... Qf1+ $17 29. Kh2 Rxe8 30. Qxe8+ {KQ-KQ} Qf8 31. Qe6+ Kh8 32. c4 b6 $1 33. Kh1 h6 $1 34. Qc6 (34. c5 $17) 34... Qf1+ $19 35. Kh2 Qf4+ 36. Kh1 {intending Qa8+.} Qf1+ $2 (36... a5 $19 37. Qe8+ Kh7) 37. Kh2 $11 Qf4+ $2 (37... Qf7 $11) 38. Kh1 $1 $19 a5 39. Qb5 Kh7 40. Qc6 Qd6 41. Qe8 Qf6 42. Qe4+ g6 43. Qe8 Kg7 44. Qd7+ (44. g4 $17) 44... Qf7 45. Qc6 Qe7 46. Qb5 h5 47. Qb2+ Kh7 48. Qb5 Qe1+ 49. Kh2 Qe5+ 50. Kh1 Kg7 51. Qd7+ Kf6 52. Qb5 Kg5 53. Qb3 Qe1+ 54. Kh2 h4 55. Qb5 Qe5+ 56. Kh1 Kf4 57. Qb1 Qe4 58. Qc1+ Qe3 59. Qd1 g5 $2 (59... Kf5 $19 60. Qa1 Qd2) 60. d6 $1 $11 {[%cal Rd6d7]} cxd6 61. Qxd6+ Kf5 62. Qd5+ $1 Kf6 (62... Qe5 $5 {[%cal Re5d5]} 63. Qf3+ Ke6 64. Qc6+ Qd6 65. Qe4+ Kd7 66. Qb7+ Kd8 $19) 63. Qd8+ $1 Kf7 64. Qc7+ $1 Kg6 65. Qd6+ Kh5 66. Qd1+ Kh6 67. Qd6+ Kg7 68. Qd7+ Kf6 69. Qd8+ $1 Kf5 {aiming for ...Qc5.} 70. Qd5+ $1 Qe5 71. Qd7+ (71. Qf7+ $1 $15 Qf6 72. Qd5+ Kg6 73. Kg1) 71... Qe6 $1 $19 {[%cal Re6d7]} 72. Qd3+ {[#]} Kf6 $1 73. Qd4+ {[#]} Kg6 $2 (73... Ke7 $1 $19 74. c5 b5) 74. c5 $1 $11 {The position is equal.} bxc5 75. Qxc5 Qa6 76. Qc2+ Kh6 77. Qf5 a4 78. Qf8+ Kg6 {And now ...Qb5 would win.} 79. Qe8+ Kf5 80. Qf7+ Ke4 {...a3 is the strong threat.} 81. Qe7+ Kf4 82. Qf7+ Ke5 {Hoping for ...Qb5.} 83. Qe7+ Kf5 {White must now prevent ...Qf1+.} 84. Qf7+ Ke5 {Threatens to win with ...Qb5.} 85. Qe7+ {Accuracy: White = 64%, Black = 69%.} 1/2-1/2

[Event "18th Prague Open-A 2019"]
[Site "Prague"]
[Date "2019.01.16"]
[Round "7"]
[White "Mueller-Dehn, Christian"]
[Black "Plischki, Sebastian"]
[Result "0-1"]
[WhiteElo "2167"]
[BlackElo "2426"]
[Annotator "TA"]
[PlyCount "72"]
[EventDate "2019.01.11"]
[EventType "swiss"]
[EventCountry "CZE"]
[SourceTitle "playchess.com"]
[Source "ChessBase"]
[SourceQuality "1"]

{[%evp 15,72,18,0,-4,-12,-7,-2,0,-10,-8,-6,-35,-29,-53,-37,-64,-68,-68,-72,-61,-71,-70,-67,-69,-84,-109,-110,-101,-66,-67,-71,-80,-83,-73,-55,-139,-145,-140,-141,-129,-62,-312,-289,-285,-263,-288,-256,-277,-270,-264,-262,-352,-352,-350,-349,-323,-331,-461,-454]} 1. Nf3 Nf6 2. c4 g6 3. b4 Bg7 4. Bb2 O-O 5. g3 c6 6. Bg2 d5 7. cxd5 {A15: English Opening: 1...Nf6} Nxd5 (7... cxd5 8. O-O a5 9. b5 a4 10. Na3 Qd6 11. Nc2 Ne4 12. Rb1 Nd7 13. Bxg7 Kxg7 14. Rb4 Nef6 15. a3 e5 {1-0 (48) Salgado Lopez,I (2627)-Baklan,V (2601) Linares 2017}) 8. Bxg7 Kxg7 {LiveBook: 7 Games} 9. Qb3 {The position is equal.} Qb6 10. a3 a5 {[%cal Ra5b4]} 11. Nc3 axb4 12. Nxd5 cxd5 13. Rb1 Nc6 $36 {[%mdl 2048] Black has the initiative.} 14. O-O {[%cal Ra3b4]} Ra5 $146 ({Predecessor:} 14... d4 15. axb4 {½-½ (36) Srihari,L (2316)-Anurag,M (2491) Jammu 2018}) 15. e3 {[%cal Ra3b4]} Bf5 16. Rb2 Rfa8 17. axb4 Rb5 {[%cal Rb5b4]} 18. Qc3+ Kg8 {[%cal Rb5b4]} 19. Nh4 d4 (19... Nxb4 $2 20. Nxf5 gxf5 21. Rfb1 $18) (19... Rxb4 $6 20. Rxb4 Qxb4 21. Qxb4 $14) (19... Be4 {looks sharper.} 20. Bxe4 dxe4 21. Qc2 g5 22. Ng2 Rxb4 23. Rxb4 Qxb4 24. Rb1 Qa4) 20. exd4 Nxd4 21. Qe3 Be6 (21... Rxb4 $6 22. Nxf5 gxf5 23. Rxb4 $11) 22. Rfb1 Qd6 {[#] ...Re5 is the strong threat.} 23. Nf3 Nxf3+ 24. Bxf3 Rd8 25. Be2 ({Better is} 25. Be4 $15) 25... Re5 $17 26. Qf3 Bd5 27. Qd3 Qb6 (27... Qb8 $17 28. Re1 {[#]} b5 $1 {[%mdl 512]}) 28. Bf3 $2 (28. Bf1 $15) 28... Rf5 $19 29. Bxd5 Qxf2+ ({Not} 29... Rfxd5 30. Qe2 $17) (29... Rdxd5 30. Qe3 $15) 30. Kh1 {intending Bxf7+.} Rfxd5 ({Don't do} 30... Rdxd5 31. Qe3 $19) 31. Qe3 Qf5 32. Re1 e6 33. Ra2 Rd3 34. Qe4 Qxe4+ ({Don't play} 34... Rxd2 35. Qxf5 gxf5 36. Rxd2 $19) 35. Rxe4 Rxd2 36. Ra7 Rb2 {Precision: White = 39%, Black = 68%.} 0-1

[Event "18th Prague Open-A 2019"]
[Site "Prague"]
[Date "2019.01.16"]
[Round "7"]
[White "Riha, Vojtech"]
[Black "Lalic, Bogdan"]
[Result "1/2-1/2"]
[WhiteElo "2145"]
[BlackElo "2418"]
[Annotator "TA"]
[PlyCount "61"]
[EventDate "2019.01.11"]
[EventType "swiss"]
[EventCountry "CZE"]
[SourceTitle "playchess.com"]
[Source "ChessBase"]
[SourceQuality "1"]

{[%evp 9,61,-14,-17,-16,-22,-28,-9,-9,-9,-21,-22,-10,-20,-55,-55,-49,44,48,39,39,41,46,64,39,70,-26,53,31,76,53,68,17,55,0,0,0,0,0,0,0,0,0,0,0,0,0,162,152,149,147,164,154,130,-970]} 1. e4 c5 2. b4 cxb4 3. a3 e5 4. Nf3 Nc6 5. Bb5 (5. axb4 Bxb4 6. c3 Be7 7. d4 d6 8. Bb5 Bd7 9. Ba3 Nf6 10. O-O {0-1 (22) Perunovic,M (2696)-Bogosavljevic,B (2504) Belgrade 2014}) 5... Nf6 6. O-O {B20: Sicilian: Unusual White 2nd moves} Nxe4 7. Re1 $146 {[%cal Bf1e1,Be1e5,Be5h5,Bh5a5][%mdl 32]} ({Predecessor:} 7. axb4 Be7 8. Re1 Nd6 9. Bxc6 dxc6 10. Nxe5 O-O 11. d3 Re8 {½-½ (59) Windhausen,G (2486)-De Oliveira,J (2576) ICCF email 2010}) 7... Nd6 8. Nxe5 {The position is equal.} Be7 9. Bd3 Nxe5 10. Rxe5 O-O $1 {...Bf6 is the strong threat.} 11. Bb2 Bf6 12. axb4 Ne8 (12... Bxe5 $15 13. Bxe5 Re8 14. Bxd6 Qf6) 13. Rh5 $1 $36 {[%mdl 2048] Black is under pressure.} ({But not} 13. Qh5 g6 $15) 13... g6 $1 ({And not} 13... Bxb2 14. Bxh7+ Kh8 15. Bd3+ Kg8 16. Rh8+ $1 {[%mdl 512]} Kxh8 17. Qh5+ Kg8 18. Qh7#) 14. Bxf6 Nxf6 15. Rha5 a6 16. Nc3 Rb8 17. h4 (17. b5 $14) 17... d6 ({Better is} 17... b5 $11) 18. Qf3 Ng4 19. Qg3 b5 20. Nd5 (20. Be4 $14) 20... Ne5 21. h5 (21. Bf1 $14) 21... Bb7 $11 22. Nf4 {[%cal Rh5g6]} Qf6 23. Re1 Kh8 24. Be4 Nc4 25. Bxb7 Nxa5 26. Nd5 Qd4 27. bxa5 Rxb7 $2 (27... Qxd2 $11 28. Kf1 Rxb7 29. Qxd6 Kg7) 28. Qxd6 $18 {[%cal Rd6f8]} Rbb8 {[#] Hoping for ...Rbd8.} 29. Re5 $1 {[%mdl 1024] White threatens Qf6+ and mate. White has strong compensation.} Qh4 30. Nf6 {Threatens to win with g3.} Rfd8 31. Qe7 $2 {[%mdl 40960] Accuracy: White = 61%, Black = 53%. . An unexpected result.} (31. Nd7 $16) 1/2-1/2

[Event "18th Prague Open-A 2019"]
[Site "Prague"]
[Date "2019.01.16"]
[Round "7"]
[White "Michalczak, Thomas"]
[Black "Zhang, Xiaopeng"]
[Result "0-1"]
[WhiteElo "2139"]
[BlackElo "2299"]
[Annotator "NA"]
[PlyCount "64"]
[EventDate "2019.01.11"]
[EventType "swiss"]
[EventCountry "CZE"]
[SourceTitle "playchess.com"]
[Source "ChessBase"]
[SourceQuality "1"]
[TimeControl "40/5400+30:1800+30"]

1. e4 {[%emt 0:00:00]} c5 {[%emt 0:00:00]} 2. Nf3 {[%emt 0:00:05]} d6 {[%emt 0:00:00]} 3. d4 {[%emt 0:00:06]} cxd4 {[%emt 0:00:00]} 4. Nxd4 {[%emt 0:00:05]} Nf6 {[%emt 0:00:00]} 5. Nc3 {[%emt 0:00:06]} a6 {[%emt 0:00:00]} 6. f3 {[%emt 0:00:07]} e5 {[%emt 0:00:04]} 7. Nb3 {[%emt 0:00:05]} Be6 {[%emt 0:00:04]} 8. Be3 {[%emt 0:00:06]} Be7 {[%emt 0:00:05]} 9. Qd2 {[%emt 0:00:09]} O-O {[%emt 0:00:07]} 10. O-O-O {[%emt 0:00:06]} Nbd7 {[%emt 0:00:02]} 11. g4 {[%emt 0:00:08]} b5 {[%emt 0:00:04]} 12. g5 {[%emt 0:02:35]} Nh5 {[%emt 0:01:52]} 13. Nd5 {[%emt 0:01:22]} Bxd5 {[%emt 0:00:14]} 14. exd5 {[%emt 0:00:06]} f5 {[%emt 0:01:27]} 15. gxf6 {[%emt 0:01:26]} Bxf6 {[%emt 0:00:08]} 16. Bh3 {[%emt 0:03:00]} Nb6 {[%emt 0:05:35]} 17. Na5 {[%emt 0:00:09]} Nf4 {[%emt 0:01:03]} 18. Be6+ {[%emt 0:06:22]} Kh8 {[%emt 0:02:30]} 19. Qb4 Qc7 {[%emt 0:08:43]} 20. Kb1 {[%emt 0:24:29]} Bd8 {[%emt 0:09:59]} 21. Bxb6 {[%emt 0:19:12]} Qxb6 {[%emt 0:00:08]} 22. Nc6 {[%emt 0:00:12]} Bc7 {[%emt 0:08:03]} 23. Qe4 {[%emt 0:01:45]} Qf2 {[%emt 0:01:01]} 24. Rhe1 {[%emt 0:11:49]} Bb6 {[%emt 0:01:42]} 25. h4 {[%emt 0:02:03]} Qg3 {[%emt 0:07:49]} 26. h5 {[%emt 0:02:57]} Ng2 {[%emt 0:01:31]} 27. Rh1 {[%emt 0:01:23]} Rf4 {[%emt 0:05:38]} 28. Rh3 {[%emt 0:00:33]} Qg5 {[%emt 0:00:04]} 29. Qd3 {[%emt 0:00:59]} Raf8 {[%emt 0:00:42]} 30. Qa3 {[%emt 0:02:05]} Ne3 {[%emt 0:02:20]} 31. Qxd6 {[%emt 0:08:41]} Nxd1 {[%emt 0:02:33]} 32. Nxe5 {[%emt 0:05:55]} Nf2 {[%emt 0:01:32]} 0-1

[Event "18th Prague Open-A 2019"]
[Site "Prague"]
[Date "2019.01.17"]
[Round "8"]
[White "Postny, Evgeny"]
[Black "Frolov, Artur"]
[Result "1-0"]
[WhiteElo "2623"]
[BlackElo "2430"]
[Annotator "TA"]
[PlyCount "133"]
[EventDate "2019.01.11"]
[EventType "swiss"]
[EventCountry "CZE"]
[SourceTitle "playchess.com"]
[Source "ChessBase"]
[SourceQuality "1"]

{[%evp 23,133,60,69,64,77,64,90,93,122,97,102,18,15,33,11,-20,0,0,0,0,36,36,60,49,88,80,92,4,0,0,56,41,56,10,29,16,72,15,60,0,0,0,16,0,0,0,0,0,0,0,0,10,20,3,8,0,3,0,0,0,0,1,1,8,77,8,8,8,8,8,98,73,461,443,443,423,356,221,1021,910,6111,5022,29970,29971,29966,29968,29977,29978,29978,29979,29979,29971,29963,0,29979,29980,29979,29978,29975,29977,29970,29970,29980,29981,29981,29982,29982,29983,29983,29984,29986,29985]} 1. d4 Nf6 2. c4 g6 3. Nc3 Bg7 4. e4 d6 5. Nf3 O-O 6. Be2 e5 7. d5 a5 8. h3 {[%cal Bh2h3,Bh3h4][%mdl 32]} Na6 9. Bg5 h6 10. Be3 Nc5 11. Nd2 Ne8 12. h4 {E92: King's Indian: Classical: 6 Be2 e5: 7 dxe5, 7 Be3 and Petrosian System without 7...Nbd7} (12. g4 f5 13. exf5 gxf5 14. Rg1 Kh8 15. g5 e4 16. Qc2 a4 17. O-O-O a3 18. b4 Na6 19. gxh6 Be5 20. f4 Bf6 {1-0 (69) Krasenkow,M (2609)-Mista,A (2517) Warsaw 2004}) 12... f5 {LiveBook: 4 Games} 13. Bxc5 $146 ({Predecessor:} 13. h5 Nd7 14. Nf1 f4 15. Bd2 g5 16. g4 Nc5 17. Nh2 Nf6 18. Qc2 Bd7 19. O-O Qe7 {1-0 (59) Croad,N (2307)-Bigg,A (2304) Brighton 2012}) 13... dxc5 14. h5 {White is better.} Ra6 15. Bf3 f4 16. hxg6 Rxg6 17. Bh5 ({White should play} 17. Qe2 $16) 17... Rxg2 $11 18. Kf1 {[%cal Be1f1,Bf1e2,Be2d3,Bd3c2][%mdl 32] [#]} f3 $1 {[%mdl 512]} 19. Bxf3 (19. Nxf3 Rg4) 19... Rg5 20. Ke2 Rf4 21. Kd3 c6 22. Kc2 cxd5 23. Nxd5 Rf8 24. Qe2 Nc7 25. Nxc7 (25. Rag1 $16) 25... Qxc7 26. Rag1 Bf6 (26... Qd8 $11) 27. Bh5 $14 Be6 28. Bg4 Bxg4 29. Rxg4 Qd7 (29... Rxg4 $11 30. Qxg4+ Qg7 31. Qe6+ Kh7) 30. Rgg1 (30. Rgh4 $16) 30... Kh7 31. Nf3 ({White should try} 31. Qe3 $1 $14 Rfg8 32. Rg3) 31... Rxg1 $11 32. Rxg1 Rd8 33. b3 a4 34. Rh1 axb3+ 35. axb3 Qg4 36. Qe3 Qf4 37. Qxf4 exf4 {[%mdl 4096] Endgame KRB-KRN} 38. Rh5 Ra8 {Threatening ...Ra2+.} 39. Kd3 Ra2 40. Rh2 Rb2 41. e5 Rxb3+ 42. Ke4 Be7 $1 43. Rh1 Kg6 (43... Rb2 $11 {remains equal.}) 44. e6 (44. Kxf4 $6 Rc3 $11) ({Better is} 44. Nh4+ $1 $16 Kf7 45. Kf5) 44... Bg5 $1 45. Ne5+ Kf6 $1 46. Nd7+ Ke7 (46... Kg6 $11) 47. Nxc5 Rc3 $2 {[%mdl 8192] [#]} (47... Rb6 $16) 48. Kd5 $1 $18 b6 49. Ne4 Ra3 {intending ...Ra5+.} 50. Rb1 Ra6 $2 (50... Bf6 51. c5 (51. Rxb6 Rd3+ 52. Kc6 Bd4 $14) 51... b5 52. Nxf6 (52. Rxb5 Rd3+ 53. Kc6 Be5 $16) 52... Kxf6) 51. c5 bxc5 52. Rb7+ Kf8 53. Nxg5 hxg5 {KR-KR} 54. Ke5 g4 55. Kf6 {[%cal Rb7b8]} Kg8 56. Rg7+ Kf8 57. Rc7 {[%cal Rc7c8]} Kg8 58. Rg7+ Kf8 {White must now prevent ...Rxe6+.} 59. Rxg4 {White mates.} c4 60. Rh4 {[%cal Rh4h8]} Kg8 61. Rxf4 Rc6 62. Ke7 c3 {[#]} 63. Rg4+ $1 Kh7 64. Kf7 {[%cal Rg4h4]} Kh6 65. e7 Rc7 66. Kf8 Kh5 67. Rg1 {Accuracy: White = 59%, Black = 39%.} 1-0

[Event "18th Prague Open-A 2019"]
[Site "Prague"]
[Date "2019.01.17"]
[Round "8"]
[White "Pechac, Jergus"]
[Black "Vojta, Tomas"]
[Result "1/2-1/2"]
[WhiteElo "2472"]
[BlackElo "2351"]
[Annotator "ChessBase"]
[PlyCount "140"]
[EventDate "2019.01.11"]
[EventType "swiss"]
[EventCountry "CZE"]
[SourceTitle "playchess.com"]
[Source "ChessBase"]
[SourceQuality "1"]
[TimeControl "40/5400+30:1800+30"]

1. d4 {[%emt 0:00:00]} d5 {[%emt 0:00:00]} 2. c4 {[%emt 0:00:00]} Nc6 {[%emt 0:00:00]} 3. Nc3 {[%emt 0:00:00]} Nf6 {[%emt 0:00:49]} 4. e3 {[%emt 0:01:25]} dxc4 {[%emt 0:04:42]} 5. Bxc4 {[%emt 0:00:06]} e5 {[%emt 0:01:10]} 6. d5 {[%emt 0:00:11]} Na5 {[%emt 0:10:56]} 7. Be2 {[%emt 0:10:50]} c6 {[%emt 0:03:03]} 8. e4 {[%emt 0:17:51]} Bb4 {[%emt 0:12:02]} 9. Qa4 {[%emt 0:00:52]} Bxc3+ {[%emt 0:02:41]} 10. bxc3 {[%emt 0:00:05]} Bd7 {[%emt 0:02:48]} 11. Bg5 {[%emt 0:08:27]} cxd5 {[%emt 0:06:23]} 12. Bb5 {[%emt 0:00:05]} Qc7 {[%emt 0:01:56]} 13. Bxd7+ {[%emt 0:07:06]} Nxd7 {[%emt 0:00:35]} 14. Ne2 {[%emt 0:02:26]} h6 {[%emt 0:06:27]} 15. Bh4 {[%emt 0:02:01]} dxe4 {[%emt 0:01:50]} 16. O-O-O {[%emt 0:00:20]} Nc6 {[%emt 0:03:57]} 17. Qxe4 {[%emt 0:01:39]} O-O {[%emt 0:00:43]} 18. Qg4 {[%emt 0:01:18]} f5 {[%emt 0:02:18]} 19. Qg6 {[%emt 0:01:13]} Nd4 {[%emt 0:07:04]} 20. Nxd4 {[%emt 0:00:57]} exd4 {[%emt 0:00:33]} 21. Qg3 {[%emt 0:02:45]} Qxg3 {[%emt 0:04:35]} 22. hxg3 {[%emt 0:02:16]} g5 {[%emt 0:01:20]} 23. Rxd4 {[%emt 0:00:39]} Nf6 {[%emt 0:00:45]} 24. g4 {[%emt 0:00:27]} gxh4 {[%emt 0:02:22]} 25. gxf5 {[%emt 0:00:07]} Rac8 {[%emt 0:02:15]} 26. Rdxh4 {[%emt 0:00:50]} Rxc3+ {[%emt 0:01:20]} 27. Kb2 {[%emt 0:00:06]} Rc5 {[%emt 0:01:21]} 28. g4 {[%emt 0:00:04]} Rb5+ {[%emt 0:03:42]} 29. Ka1 {[%emt 0:02:12]} Kf7 {[%emt 0:01:06]} 30. f3 {[%emt 0:00:10]} Ng8 {[%emt 0:00:47]} 31. R4h2 {[%emt 0:01:57]} Re8 {[%emt 0:01:01]} 32. Rd2 {[%emt 0:00:55]} Rbe5 {[%emt 0:00:42]} 33. Rhh2 {[%emt 0:00:39]} R8e7 {[%emt 0:03:21]} 34. Kb2 {[%emt 0:00:54]} Rc7 {[%emt 0:02:44]} 35. Rh1 {[%emt 0:00:26]} Rb5+ {[%emt 0:00:20]} 36. Ka1 {[%emt 0:00:04]} Nf6 {[%emt 0:01:36]} 37. a4 {[%emt 0:00:29]} Rb4 {[%emt 0:04:04]} 38. Rxh6 {[%emt 0:00:05]} Rxa4+ {[%emt 0:00:12]} 39. Kb2 {[%emt 0:00:04]} Rb4+ {[%emt 0:00:29]} 40. Ka3 {[%emt 0:00:20]} Rf4 {[%emt 0:04:16]} 41. g5 {[%emt 0:30:08]} Rxf3+ {[%emt 0:02:41]} 42. Kb2 {[%emt 0:00:00]} Rxf5 {[%emt 0:04:35]} 43. gxf6 {[%emt 0:00:00]} Rb5+ {[%emt 0:01:37]} 44. Ka3 {[%emt 0:00:00]} Rc1 {[%emt 0:06:21]} 45. Ka4 {[%emt 0:00:00]} a6 {[%emt 0:01:37]} 46. Rd7+ {[%emt 0:00:00]} Ke6 {[%emt 0:00:11]} 47. Re7+ {[%emt 0:00:00]} Kd6 {[%emt 0:00:23]} 48. Rh3 {[%emt 0:00:00]} Ra1+ {[%emt 0:01:46]} 49. Ra3 {[%emt 0:00:00]} Rxa3+ {[%emt 0:01:30]} 50. Kxa3 {[%emt 0:00:00]} Kc6 {[%emt 0:00:59]} 51. Re6+ {[%emt 0:00:00]} Kc7 {[%emt 0:00:08]} 52. Re7+ {[%emt 0:00:00]} Kb6 {[%emt 0:00:08]} 53. Re6+ {[%emt 0:00:00]} Ka7 {[%emt 0:02:27]} 54. Ka4 {[%emt 0:00:00]} Rf5 {[%emt 0:01:18]} 55. Kb4 {[%emt 0:00:00]} a5+ {[%emt 0:00:48]} 56. Kc4 {[%emt 0:00:17]} b6 {[%emt 0:00:45]} 57. Re7+ {[%emt 0:03:33]} Ka6 {[%emt 0:01:11]} 58. f7 {[%emt 0:00:07]} b5+ {[%emt 0:00:38]} 59. Kd3 {[%emt 0:01:13]} a4 {[%emt 0:00:48]} 60. Kc3 {[%emt 0:00:15]} Rf4 {[%emt 0:00:28]} 61. Re4 {[%emt 0:00:08]} Rxf7 {[%emt 0:01:44]} 62. Kb4 {[%emt 0:00:03]} Rf6 {[%emt 0:00:27]} 63. Rh4 {[%emt 0:00:12]} Kb6 {[%emt 0:00:58]} 64. Rg4 {[%emt 0:00:05]} Kc6 {[%emt 0:00:50]} 65. Rh4 {[%emt 0:00:03]} Re6 {[%emt 0:00:08]} 66. Rg4 {[%emt 0:00:08]} Re5 {[%emt 0:03:06]} 67. Rh4 {[%emt 0:00:36]} Kd6 {[%emt 0:00:25]} 68. Rh6+ {[%emt 0:00:35]} Re6 {[%emt 0:00:45]} 69. Rh5 {[%emt 0:00:06]} Kc6 {[%emt 0:00:54]} 70. Rc5+ {[%emt 0:00:04]} Kb6 1/2-1/2

[Event "18th Prague Open-A 2019"]
[Site "Prague"]
[Date "2019.01.17"]
[Round "8"]
[White "Wang, Yiye"]
[Black "Mishuchkov, Nikolai M."]
[Result "1-0"]
[WhiteElo "2443"]
[BlackElo "2308"]
[Annotator "NA RC"]
[PlyCount "115"]
[EventDate "2019.01.11"]
[EventType "swiss"]
[EventCountry "CZE"]
[SourceTitle "playchess.com"]
[Source "ChessBase"]
[SourceQuality "1"]
[TimeControl "40/5400+30:1800+30"]

1. Nf3 {[%emt 0:17:45]} d5 {[%emt 0:00:00]} 2. g3 {[%emt 0:00:23]} Bg4 {[%emt 0:00:00]} 3. Bg2 {[%emt 0:00:13]} Nd7 {[%emt 0:00:15]} 4. O-O {[%emt 0:00:34]} c6 {[%emt 0:00:49]} 5. d3 {[%emt 0:00:31]} e5 {[%emt 0:00:58]} 6. Qe1 {[%emt 0:00:35]} Ngf6 {[%emt 0:00:36]} 7. h3 {[%emt 0:00:55]} Bxf3 {[%emt 0:01:53]} 8. Bxf3 {[%emt 0:05:54]} Be7 {[%emt 0:04:35]} 9. e4 {[%emt 0:03:50]} dxe4 {[%emt 0:00:18]} 10. dxe4 {[%emt 0:00:07]} O-O {[%emt 0:00:09]} 11. Nd2 {[%emt 0:08:07]} Qc7 {[%emt 0:03:04]} 12. a4 {[%emt 0:00:56]} a5 {[%emt 0:07:48]} 13. Nc4 {[%emt 0:03:40]} Bb4 {[%emt 0:00:23]} 14. Qe2 {[%emt 0:05:41]} Rfd8 {[%emt 0:05:10]} 15. Ne3 {[%emt 0:12:12]} Nf8 {[%emt 0:01:43]} 16. c3 {[%emt 0:04:41]} Bc5 {[%emt 0:00:35]} 17. Nf5 {[%emt 0:00:08]} Ne6 {[%emt 0:00:22]} 18. h4 {[%emt 0:00:11]} Ne8 {[%emt 0:15:27]} 19. Kg2 {[%emt 0:04:24]} Bf8 {[%emt 0:01:35]} 20. Be3 {[%emt 0:11:56]} Bc5 {[%emt 0:00:50]} 21. Bd2 {[%emt 0:05:19]} Bf8 {[%emt 0:04:24]} 22. Be3 {[%emt 0:02:05]} Bc5 {[%emt 0:00:09]} 23. Bc1 {[%emt 0:00:04]} Bf8 {[%emt 0:00:30]} 24. Ne3 {[%emt 0:00:06]} Nc5 {[%emt 0:03:16]} 25. Nc4 {[%emt 0:00:25]} Nb3 {[%emt 0:02:02]} 26. Be3 {[%emt 0:00:04]} Nxa1 {[%emt 0:00:05]} 27. Bb6 {[%emt 0:00:03]} Qe7 {[%emt 0:01:20]} 28. Rxa1 {[%emt 0:01:59]} Nc7 {[%emt 0:00:36]} 29. Nxa5 {[%emt 0:03:52]} Ra6 {[%emt 0:00:25]} 30. Qe3 {[%emt 0:01:20]} Rda8 {[%emt 0:00:30]} 31. b4 {[%emt 0:00:36]} Ne6 {[%emt 0:00:39]} 32. Be2 {[%emt 0:01:14]} c5 {[%emt 0:01:03]} 33. Bxa6 {[%emt 0:00:12]} Rxa6 {[%emt 0:00:23]} 34. bxc5 {[%emt 0:01:08]} Nxc5 {[%emt 0:04:19]} 35. Bxc5 {[%emt 0:01:30]} Qxc5 {[%emt 0:00:05]} 36. Qxc5 {[%emt 0:00:04]} Bxc5 {[%emt 0:00:06]} 37. Nxb7 {[%emt 0:00:04]} Be7 {[%emt 0:00:15]} 38. a5 {[%emt 0:00:04]} Kf8 {[%emt 0:00:06]} 39. Ra4 {[%emt 0:01:09]} Ra7 {[%emt 0:01:10]} 40. a6 {[%emt 0:00:32]} Ke8 {[%emt 0:00:06]} 41. Ra5 {[%emt 0:33:48]} f6 {[%emt 0:34:46]} 42. c4 {[%emt 0:00:24]} Kd7 {[%emt 0:00:15]} 43. c5 {[%emt 0:00:06]} h5 {[%emt 0:00:49]} 44. Kf3 {[%emt 0:00:23]} g6 {[%emt 0:00:11]} 45. Ke3 {[%emt 0:00:24]} Kc6 {[%emt 0:02:21]} 46. Kd3 {[%emt 0:00:13]} g5 {[%emt 0:00:25]} 47. Kc4 {[%emt 0:00:50]} gxh4 {[%emt 0:00:06]} 48. gxh4 {[%emt 0:00:04]} f5 {[%emt 0:00:32]} 49. exf5 {[%emt 0:00:00]} Bxh4 {[%emt 0:00:00]} 50. Ra2 {[%emt 0:00:00]} Be7 {[%emt 0:00:00]} 51. Na5+ {[%emt 0:00:00]} Kc7 {[%emt 0:00:00]} 52. Kb5 {[%emt 0:00:00]} Ra8 {[%emt 0:00:00]} 53. Nc6 {[%emt 0:00:00]} Bg5 {[%emt 0:00:00]} 54. f3 {[%emt 0:00:00]} Rg8 {[%emt 0:00:00]} 55. Nxe5 {[%emt 0:00:00]} h4 {[%emt 0:00:00]} 56. a7 {[%emt 0:00:00]} Kb7 {[%emt 0:00:00]} 57. a8=Q+ {[%emt 0:00:00]} Rxa8 {[%emt 0:00:00]} 58. c6+ {[%emt 0:00:00]} 1-0